Riegel,s Handbook of Industrial Chemistry / (Record no. 564510)
[ view plain ]
| 000 -LEADER | |
|---|---|
| fixed length control field | 00422nam a2200145Ia 4500 |
| 008 - FIXED-LENGTH DATA ELEMENTS--GENERAL INFORMATION | |
| fixed length control field | 210430s9999 xx 000 0 und d |
| 020 ## - INTERNATIONAL STANDARD BOOK NUMBER | |
| International Standard Book Number | 81-239-0544-0 |
| 082 ## - DEWEY DECIMAL CLASSIFICATION NUMBER | |
| Classification number | 660 R548 R |
| 100 ## - MAIN ENTRY--PERSONAL NAME | |
| Personal name | Edited by James A Kent |
| 9 (RLIN) | 127589 |
| 245 ## - TITLE STATEMENT | |
| Title | Riegel,s Handbook of Industrial Chemistry / |
| Statement of responsibility, etc. | James A Kent |
| 250 ## - EDITION STATEMENT | |
| Edition statement | 9th edition |
| 260 ## - PUBLICATION, DISTRIBUTION, ETC. | |
| Place of publication, distribution, etc. | India |
| Name of publisher, distributor, etc. | CBS Publishers & Distributors |
| Date of publication, distribution, etc. | 1997 |
| 300 ## - PHYSICAL DESCRIPTION | |
| Extent | 1288p. |
| 942 ## - ADDED ENTRY ELEMENTS (KOHA) | |
| Koha item type | Book |
| Source of classification or shelving scheme | |
| Withdrawn status | Lost status | Damaged status | Not for loan | Collection code | Permanent Location | Current Location | Shelving location | Date acquired | Total Checkouts | Total Renewals | Full call number | Barcode | Date last seen | Date last checked out | Price effective from | Koha item type |
|---|---|---|---|---|---|---|---|---|---|---|---|---|---|---|---|---|
| School of Chemical & Materials Engineering (SCME) | School of Chemical & Materials Engineering (SCME) | General Stacks | 06/11/7 | 1 | 3 | 660 R548 R | SCME-3727 | 05/29/2023 | 03/06/2023 | 04/30/2021 | Book |
